000 00599nam a22001937a 4500
999 _c7187
_d7187
003 OSt
005 20210908163856.0
008 210908b ||||| |||| 00| 0 eng d
020 _a9780521841122
040 _cDDC
082 _a571.43ETH2007
100 _aEthier,Ross C.; Simmons,Craig A.
_914780
245 _aIntroductory Biomechanics from cells to organisms
_cEdited by Ethier,Ross C. and Simmons,Craig A.
260 _aUK
_bCambridge University Press
_c2007
300 _axiii,551p;
_bill;
_c26cm
504 _aIncludes; References and Index
650 _aBiology
_95602
942 _2ddc
_cO_SHELF